| 000 | 01006cab a2200205 4500 | ||
|---|---|---|---|
| 001 | ##L131283 | ||
| 008 | 051017n2005 000 0 eng u | ||
| 035 | _a(Sirsi) u131283 | ||
| 041 | 0 | _aeng | |
| 100 | 1 | _aStanton, Justin | |
| 245 | 0 | 0 | _aHousebuilding needs 165 000 extra workers |
| 260 | _c2005 | ||
| 490 | 0 |
_aContract Journal _v430(6545) 5 October 2005, 5(1) |
|
| 520 | _aThe labour needs of extra housing output: can the housebuilding industry cope?, a study by Michael Ball of Reading University calculates that the construction industry needs to recruit an additional 165 000 workers if it is to meet the target of 300 000 new homes set out in the Barker Review. This figure is based on the assumption that productivity remains the same. Table. | ||
| 590 | _aIKA251005 | ||
| 650 | 2 | 4 | _aTHE LABOUR NEEDS OF EXTRA HOUSING OUTPUT: CAN THE HOUSEBUILDING INDUSTRY COPE? |
| 650 | 2 | 4 | _aBARKER REVIEW OF HOUSING SUPPLY: SECURING OUR FUTURE HOUSING NEEDS |
| 690 | _aBUILT ENVIRONMENT | ||
| 942 | _n0 | ||
| 999 |
_c76022 _d76022 |
||